|
|
|
|
| LEADER |
01571nam a2200385 a 4500 |
| 001 |
EBC3299995 |
| 003 |
MiAaPQ |
| 005 |
20200520144314.0 |
| 006 |
m o d | |
| 007 |
cr cn||||||||| |
| 008 |
961125s1997 mau sb 001 0 eng |
| 010 |
|
|
|z 96046707
|
| 020 |
|
|
|z 0674362136 (cloth : alk. paper)
|
| 035 |
|
|
|a (MiAaPQ)EBC3299995
|
| 035 |
|
|
|a (Au-PeEL)EBL3299995
|
| 035 |
|
|
|a (CaPaEBR)ebr5004916
|
| 035 |
|
|
|a (OCoLC)923108514
|
| 040 |
|
|
|a MiAaPQ
|c MiAaPQ
|d MiAaPQ
|
| 050 |
|
4 |
|a HC105.6
|b .R53 1997
|
| 082 |
0 |
4 |
|a 338.973
|2 21
|
| 100 |
1 |
|
|a Richardson, Heather Cox.
|
| 245 |
1 |
4 |
|a The greatest nation of the earth
|h [electronic resource] :
|b Republican economic policies during the Civil War /
|c Heather Cox Richardson.
|
| 260 |
|
|
|a Cambridge, Mass. :
|b Harvard University Press,
|c 1997.
|
| 300 |
|
|
|a viii, 342 p.
|
| 490 |
1 |
|
|a Harvard historical studies ;
|v 126
|
| 504 |
|
|
|a Includes bibliographical references (p. [325]-336) and index.
|
| 533 |
|
|
|a Electronic reproduction. Ann Arbor, MI : ProQuest, 2015. Available via World Wide Web. Access may be limited to ProQuest affiliated libraries.
|
| 610 |
2 |
0 |
|a Republican Party (U.S. : 1854- )
|x History.
|
| 651 |
|
0 |
|a United States
|x Economic policy
|y To 1933.
|
| 651 |
|
0 |
|a United States
|x Economic conditions
|y To 1865.
|
| 651 |
|
0 |
|a United States
|x History
|y Civil War, 1861-1865.
|
| 655 |
|
4 |
|a Electronic books.
|
| 710 |
2 |
|
|a ProQuest (Firm)
|
| 830 |
|
0 |
|a Harvard historical studies ;
|v v. 126.
|
| 856 |
4 |
0 |
|u https://ebookcentral.proquest.com/lib/matrademy/detail.action?docID=3299995
|z Click to View
|